UK Chancellors of the Exchequer by Picture - Statistics

General Stats
  • This quiz has been taken 24 times
  • The average score is 16 of 24
Answer Stats
Picture Answer % Correct
Gordon Brown
95%
Rishi Sunak
95%
George Osborne
90%
Jeremy Hunt
90%
John Major
90%
Winston Churchill
90%
Rachel Reeves
85%
Sajid Javid
80%
Benjamin Disraeli
70%
Alistair Darling
65%
Harold Macmillan
65%
Kwasi Kwarteng
65%
Neville Chamberlain
65%
Nigel Lawson
65%
Kenneth Clarke
60%
Geoffrey Howe
55%
Norman Lamont
55%
Philip Hammond
55%
Denis Healey
50%
Nadhim Zahawi
45%
William Ewart Gladstone
45%
David Lloyd George
40%
Stafford Cripps
30%
Rab Butler
25%
No matching quizzes found
Score Distribution
Percent of People with Each Score
Percentile by Number Answered
Your Score History
You have not taken this quiz